HANDBOOK OF PEDIATRIC EYS AND SYSTEMIC DISEASE (Record no. 14356)

MARC details
000 -LEADER
fixed length control field 00277nam a22001217a 4500
003 - CONTROL NUMBER IDENTIFIER
control field SGT
082 ## - DEWEY DECIMAL CLASSIFICATION NUMBER
Classification number 618.92
Item number H06W
100 ## - MAIN ENTRY--PERSONAL NAME
Personal name WRIGHT,KENNETH
245 ## - TITLE STATEMENT
Title HANDBOOK OF PEDIATRIC EYS AND SYSTEMIC DISEASE
260 ## - PUBLICATION, DISTRIBUTION, ETC. (IMPRINT)
Place of publication, distribution, etc USA
Name of publisher, distributor, etc SPRINGER
Year of Publication 2006
300 ## - PAGE DESCRIPTION
No. of Pages 642
942 ## - ADDED ENTRY ELEMENTS (KOHA)
Source of classification or shelving scheme Dewey Decimal Classification
Koha item type Books
Holdings
Withdrawn status Lost status Source of classification or shelving scheme Damaged status Not for loan Collection code Home library Current library Shelving location Date acquired Vendor Name SGTU Bill Number Total Checkouts Full call number Accession No. (Barcode) Date last seen Bill Date Koha item type
    Dewey Decimal Classification     MEDICAL SGT Medical Library SGT Medical Library Reference Book 29/12/2017 ABC DELHI SGTU 8708   618.92 H06W FM9295 29/12/2017 02/09/2017 Books
    Dewey Decimal Classification     MEDICAL SGT Medical Library SGT Medical Library Reference Book 29/12/2017 ABC DELHI SGTU 8708   618.92 H06W FM9296 29/12/2017 02/09/2017 Books